00362nam a2200145Ia 4500008004100000020001500041041001200056100001800068245005900086250000800145260002500153300000800178650001600186700001400202221030s9999 xx 000 0 und d a8120309472 aEnglish aJ. G. Proakis 0aDigital Signal Processingcby J. G. Proakis, Manolakis a2nd bPHIaNew Delhic1995 a969 aBB Computer aManolakis